00488nam a2200169Ia 4500008004100000041001200041082001200053100002700065245005600092365000700148520001300155546001200168630005600180650001300236655001300249730005600262101110s9999 xx 000 0 und d aENGLISH bSR14452 aMehta V.G., Mehta N.V. aIncome Tax ready reckoner ( Assessment yr.1984-85 ) b62 aCommerce aENGLISH aIncome Tax ready reckoner ( Assessment yr.1984-85 ) aCommerce aCommerce aIncome Tax ready reckoner ( Assessment yr.1984-85 )